000 00634nam a2200241 a 4500
001 0001-1130
003 ELIB.Books
008 150504 2010 eng
020 _a9870687343942
035 _a(ELIB.Books)0001-1285
092 _a225.9
_bCar
100 _aCarter, Warren
245 _aThe Roman Empire and the New Testament:
_bAn Essential Guide
260 _aNashville
_bAbingdon Press
_c2006
300 _a148
_c23 Cm
500 _aC/o Moe Lwei
650 _aNew Testament
856 _nKBTS: Library
_uKBTS: Elib
942 _2ddc
_cBK
990 _a1
998 _cbat
_e2015-05-04
999 _c11130
_d11130